| 000 | 00878cam a2200265 a 4500 | ||
|---|---|---|---|
| 999 |
_c19652 _d19652 |
||
| 001 | 12648459 | ||
| 005 | 20220304135243.0 | ||
| 008 | 020117s2003 maua 001 0 eng | ||
| 010 | _a 2002016637 | ||
| 020 | _a0072424583 (acidfree paper) | ||
| 020 | _a0071151486 (ISE : acidfree paper) | ||
| 040 |
_aDLC _cDLC _dDLC |
||
| 050 | 0 | 0 |
_aQD251.3 _b.C37 2003 |
| 082 | 0 | 0 |
_a547 _221 |
| 100 | 1 |
_aCarey, Francis A., _d1937- _915103 |
|
| 245 | 1 | 0 |
_aOrganic chemistry / _cFrancis A. Carey. |
| 250 | _a5th ed. | ||
| 260 |
_aBoston : _bMcGraw-Hill, _cc2003. |
||
| 300 |
_a1 v. (various pagings) : _bill. (some col.) ; _c26 cm. |
||
| 500 | _aIncludes index. | ||
| 650 | 0 |
_aChemistry, Organic. _91382 |
|
| 906 |
_a7 _bcbc _corignew _d1 _eocip _f20 _gy-gencatlg |
||
| 942 | _cBK | ||